College Quizbowl Stats
College Quizbowl Stats
Circuits
Seasons
Sets
Records
Detailed Stats
About
Loading...
2025 ACF Nationals
Tossups
Bonuses
Players
Teams
Categories (Tossup)
Categories (Bonus)
Aidan Roullet
RIT A
Categories
Category
Powers
Gets
Negs
BBs
Points
Earliest Buzz
Avg. Buzz
First Buzzes
Top 3 Buzzes
History - World History
0
2
0
2
20
134
137.50
0
0
Current Events
0
1
0
0
10
130
130.00
0
0
History - American History
0
1
0
1
10
139
139.00
0
0
Social Science
0
1
0
1
10
134
134.00
0
0
Science - Physics
0
0
1
0
-5
0.00
0
0
Buzzes
Category
Answer
Value
Buzz Position
Science - Physics
accelerometers
-5
28
Current Events
pro-Ukraine
10
130
History - World History
1940s
10
134
Social Science
Republic of Haiti
10
134
History - American History
Greek American
10
139
History - World History
Tonkin
10
141
Previous
1
Next